| 000 | 00749cab a2200205 4500 | ||
|---|---|---|---|
| 001 | WB3010-20 | ||
| 008 | 090401t1994 xxu||||| |||| 00| 0 eng d | ||
| 035 | _a(Sirsi) u81328 | ||
| 041 | _aeng | ||
| 245 | _aTop performance | ||
| 260 | _c1994 | ||
| 350 | _a0 | ||
| 490 |
_aEstates Times _v(1225) 11 March 1994, 2(1) |
||
| 520 | _aSmall property funds have outperformed big funds for the past five as well as the past ten years, according to an analysis of IPD data carried out by Gerald Eve and Schroders "Direct property - does portfolio size matter?" | ||
| 650 | _aPROPERTY FUNDS | ||
| 650 | _aPROPERTY PORTFOLIOS | ||
| 690 | _aPROPERTY-COMMERCIAL PROPERTY-COMMERCIAL PROPERTY FINANCE AND INVESTMENT | ||
| 942 | _n0 | ||
| 948 | _c04/03/1997 | ||
| 999 |
_c51241 _d51241 |
||